| 000 | 00620nam a22002171a 4500 | ||
|---|---|---|---|
| 001 | 1645 | ||
| 003 | OSt | ||
| 005 | 20260204211741.0 | ||
| 008 | 040120s1980||||dr ||||||b||||||||||spa|| | ||
| 020 | _a844993589x | ||
| 050 | _aRD529 R615p | ||
| 082 | _a529 R615p | ||
| 100 | _aRodríguez Demorizi, Emilio | ||
| 245 | _aPapeles de Pedro F. Bono: Para la historia de las ideas políticas en Santo Domingo / Emilio Rodríguez Domirizi. | ||
| 250 | _a2 | ||
| 264 | _aSanto Domingo : M. Pareja | ||
| 300 | _a636 p. | ||
| 500 | _aIncluye indice. | ||
| 650 | _a1.Cronología 2.Cronología - HistoriaÌ | ||
| 942 |
_2ddc _cBK |
||
| 999 |
_c1645 _d1645 |
||